000 01630cam a22004457a 4500
999 _c6997
_d6997
001 17704004
003 GZU
005 20210504112651.0
008 130419s2014 caua g b 000 0 eng d
010 _a 2013938404
015 _aGBB384874
_2bnb
016 7 _a016499380
_2Uk
020 _a9781446260180 (hbk.)
020 _a1446260186 (hbk.)
020 _a1446260194 (pbk.)
020 _a9781446260197 (pbk.)
020 _a9781446295311 (pbk. with online access)
020 _a1446295311 (pbk. with online access)
035 _a(OCoLC)ocn858825461
040 _aUKMGB
_beng
_cUKMGB
_dOCLCO
_dYDXCP
_dSISIM
_dOCLCO
_dCDX
_dLTSCA
_dOCLCO
_dOCLCF
_dDLC
042 _alccopycat
050 0 0 _aH62 GRA 2014
_b.G72 2014
082 0 4 _a300.72
_223
100 1 _aGray, David E.
_q(David Edward),
_d1952-
245 1 0 _aDoing research in the real world /
_cDavid E. Gray.
250 _a3rd ed.
260 _aLondon :
_bSAGE,
_c2014.
300 _axxii, 729 p. :
_bcol. ill. ;
_c25 cm.
500 _aPrevious edition: 2009.
504 _aIncludes bibliographical references (p. [693]-713) and indexes.
600 _2Social research
650 0 _aSocial sciences
_xResearch.
650 0 _aSocial sciences
_xResearch
_xMethodology.
650 7 _aSocial sciences
_xResearch.
_2fast
_0(OCoLC)fst01122944
650 7 _aSocial sciences
_xResearch
_xMethodology.
_2fast
_0(OCoLC)fst01122961
906 _a7
_bcbc
_ccopycat
_d2
_encip
_f20
_gy-gencatlg
942 _2lcc
_cBK
_e3rd ed.
_h62
_iGRA
_kH